Handbook of insurance
Guardado en:
| Otros Autores: | |
|---|---|
| Formato: | Libro |
| Lenguaje: | inglés |
| Publicado: |
Boston
Kluwer Academic Publishers
2000
|
| Colección: | Huebner international series on risk, insurance, and economic security
|
| Materias: | |
| Etiquetas: |
Sin Etiquetas, Sea el primero en etiquetar este registro!
|
MARC
| LEADER | 00000nam a2200000 4500 | ||
|---|---|---|---|
| 001 | 0128474 | ||
| 005 | 20240111125404.0 | ||
| 020 | |a 978-0-7923-7911-9 | ||
| 041 | 0 | |a eng | |
| 044 | |a US | ||
| 245 | 1 | 0 | |a Handbook of insurance |c edited by: Georges Dionne |
| 264 | 1 | |a Boston |b Kluwer Academic Publishers |c 2000 | |
| 300 | |a 974 s. | ||
| 490 | 1 | |a Huebner international series on risk, insurance, and economic security | |
| 830 | 0 | |a Huebner international series on risk, insurance, and economic security | |
| 610 | 2 | 0 | |a poistenie |
| 610 | 2 | 0 | |a poisťovníctvo |
| 610 | 2 | 0 | |a teórie poistné |
| 610 | 2 | 0 | |a trh poistný |
| 610 | 2 | 0 | |a riziko poistné |
| 610 | 2 | 0 | |a modely ekonometrické |
| 610 | 2 | 0 | |a informácie asymetrické |
| 610 | 2 | 0 | |a riadenie rizík |
| 610 | 2 | 0 | |a príručky |
| 700 | 1 | |a Dionne, Georges | |